00547nam a22001697a 450000500170000000800410001704000070005804100120006508200220007710000270009924501060012626000490023230000250028165000250030665000190033170000270035020220801095418.0220801b ||||| |||| 00| 0 eng d cAL aEnglish 223a630.715bSWAT aSwadeshi Jagaran Manch aTurmeric Cultivation in Andhra Pradesh: A Report by the Committee Appointed by Swadeshi Jagaran Manch aAndhra PradeshbSwadeshi Jagaran Manchc2007 a26 p.bPBc22x14 cm. aTurmeric Cultivation aAndhra Pradesh aSWADESHI JAGARAN MANCH